Central Library OPAC University of Rajshahi

Selected stories / (Record no. 22610)

MARC details
000 -LEADER
fixed length control field 00740nam a2200265 a 4500
001 - CONTROL NUMBER
control field 22610
003 - CONTROL NUMBER IDENTIFIER
rucl marc code BD-RjUL
005 - DATE AND TIME OF LATEST TRANSACTION
control field 20211209000828.0
008 - FIXED-LENGTH DATA ELEMENTS--GENERAL INFORMATION
fixed length control field 140308s1985 enka 000 1 eng d
035 ## - SYSTEM CONTROL NUMBER
System control number (BD-RjUL)22675
040 ## - CATALOGING SOURCE
Original cataloging agency BD-RjUL
Language of cataloging eng
Transcribing agency BD-RjUL
Modifying agency BD-RjUL
041 ## - LANGUAGE CODE
Language code of text/sound track or separate title eng
082 ## - DEWEY DECIMAL CLASSIFICATION NUMBER
Classification number 823.8
Edition number 19
Author mark and year SEL 1985
100 1# - MAIN ENTRY--PERSONAL NAME
Personal name Haq, Hasan Azizul
9 (RLIN) 69807
245 10 - TITLE STATEMENT
Title Selected stories /
Statement of responsibility, etc. edited and translated by Ali Anwer
260 ## - PUBLICATION, DISTRIBUTION, ETC. (IMPRINT)
Place of publication, distribution, etc. Dhaka :
Name of publisher, distributor, etc. Bangla Academy,
Date of publication, distribution, etc. 1985.
300 ## - PHYSICAL DESCRIPTION
Pagination 72 p. ;
Size 19 cm
490 1# - SERIES STATEMENT
Series statement Everyman's library
504 ## - BIBLIOGRAPHY, ETC. NOTE
Bibliography, etc Includes bibliography and index.
650 ## - SUBJECT ADDED ENTRY--TOPICAL TERM
Topical term or geographic name as entry element Fiction
9 (RLIN) 69808
700 1# - ADDED ENTRY--PERSONAL NAME
Personal name Ali Anwer
830 #0 - SERIES ADDED ENTRY--UNIFORM TITLE
Uniform title Everyman's library
942 ## - ADDED ENTRY ELEMENTS (KOHA)
Source of classification or shelving scheme Dewey Decimal Classification
Koha item type Books
Holdings
Lost status Source of classification or shelving scheme Damaged status Not for loan Collection code Permanent Location Current Location Shelving location Date acquired Source of acquisition Cost, normal purchase price Total Checkouts Full call number Date last seen Copy number Koha item type
  Dewey Decimal Classification     Fiction Central Library, University of Rajshahi Central Library, University of Rajshahi   27/02/1994 Gratis 0.00   823.8 SEL 1985 08/03/2014 C-2 Books